| 000 | 00801nam a2200277Ia 4500 | ||
|---|---|---|---|
| 005 | 20250425161828.0 | ||
| 008 | 250425s9999 xx 000 0 und d | ||
| 020 | _a9580459428 | ||
| 041 | _aspa | ||
| 043 | _ack | ||
| 082 | _a658 | ||
| 100 | _aCARPENTER, PHIL | ||
| 245 | 0 | _aMARCAS ELECTRONICAS: COMO CREAR UN NEGOCIO EN INTERNET A VELOCIDAD VERTIGINOSA | |
| 250 | _a1A ED. | ||
| 260 | _aBOGOTA | ||
| 260 |
_aColombia _bGRUPO EDITORIAL NORMA _c2000 |
||
| 300 | _a308 | ||
| 500 | _aTÃtulo Traducido: EBRANDS BUILDING AN INTERNET BUSINESS AT BREAKNECK SPEED | ||
| 650 | _aINTERNET-DIRECCIONES | ||
| 650 | _aMARCAS ELECTRONICAS | ||
| 650 | _aNEGOCIOS-INTERNET | ||
| 700 |
_aMARGARITA CARDENAS _etraductor |
||
| 710 | _aGRUPO EDITORIAL NORMA S.A. | ||
| 942 | _c01 | ||
| 010 | _a31416 | ||
| 999 |
_c216955 _d216955 |
||